Italiaanse Steden - Sudden Death - Statistieken

Algemene statistieken
  • Deze quiz is 43 keer genomen
  • De gemiddelde score is 15 van 24
Answers on the Grid
Answers color-coded by a green-red scale on the quiz's grid according to % correct below.
Amalfi
Bari
Barranquilla
Bologna
Cagliari
Cincinnati
Curitiba
Florence
Genua
Manila
Mekka
Messina
Milaan
Modena
Napels
Odessa
Padova
Palermo
Parma
Perugia
Pisa
Ravenna
Riga
Rome
Salerno
Sausalito
Siena
Sochi
Syracuse
Trente
Tripoli
Turijn
Valencia
Venetië
Verona
 
Antwoordstatistieken
Antwoord % Correct
Palermo
92%
Milaan
88%
Rome
83%
Bologna
79%
Napels
79%
Venetië
79%
Pisa
75%
Turijn
75%
Verona
75%
Florence
71%
Genua
71%
Parma
67%
Siena
67%
Cagliari
63%
Modena
63%
Bari
58%
Salerno
58%
Amalfi
50%
Padova
50%
Perugia
50%
Trente
50%
Messina
42%
Ravenna
42%
Syracuse
21%
Geen overeenkomende quizzen gevonden
Scoreverdeling
Procent van Mensen met Elke Score
Percentiel versus Aantal Correcte Antwoorden
Uw Scoregeschiedenis
U heeft deze quiz nog niet genomen